Visualizzazione normale
Vista MARC
- Toussaint Olivier
di Personal Name
Records bibliografici associati: 1
001 - CONTROL NUMBER
- control field: 19924
003 - CONTROL NUMBER IDENTIFIER
- control field: IT-RoPau
005 - DATE AND TIME OF LATEST TRANSACTION
- control field: 20140409214118.0
008 - FIXED-LENGTH DATA ELEMENTS
- fixed length control field: 140409|| aca||aabn | a|a d
040 ## - CATALOGING SOURCE
- Original cataloging agency: IT-RoPau
- Transcribing agency: IT-RoPau
100 ## - HEADING--PERSONAL NAME
- Personal name: Toussaint Olivier
- Miscellaneous information: Codice autore musica SPICS: 14363
- Relator term: Autore musica
- Name of part/section of a work: The Way I Loved You
670 ## - SOURCE DATA FOUND
- Source citation: Work cat.: (IT-RoPau)98993: AA.VV. 794, Goes To Hollywood